Φιλοσοφία των κοινωνικών επιστημών: είδη κοινωνικής εξήγησης

Αποθηκεύτηκε σε:
Λεπτομέρειες βιβλιογραφικής εγγραφής
Κύριος συγγραφέας: Little, Daniel
Άλλοι συγγραφείς: Μπαμιατζόγλου, Ξενοφών (Μεταφραστής)
Μορφή: Βιβλίο
Γλώσσα:Greek
Δημοσίευση: Αθήνα: Οκτώ, 2018.
Θέματα:
Ετικέτες: Προσθήκη ετικέτας
Δεν υπάρχουν, Καταχωρήστε ετικέτα πρώτοι!

MARC

LEADER 00000nam a2200000 a 4500
001 1/125966
008 230123s2018####gr | ||| |||| ||gre||
020 |a 9786185077280 
040 |a GR-MyUa  |b gre  |c GR-MyUa  |e AACR2 
041 1 |a gre 
082 7 |a 300.1  |2 (23) 
100 1 |a Little, Daniel. 
245 1 0 |a Φιλοσοφία των κοινωνικών επιστημών:   |b είδη κοινωνικής εξήγησης /   |c Daniel Little ; μετάφραση Ξενοφών Μπαμιατζόγλου.  
260 |a Αθήνα:   |b Οκτώ,   |c 2018.  
300 |a 408 σ. ;   |c 24 εκ.  
500 |a Τίτλος πρωτοτύπου: Varieties of social explanation: an introduction to the philosophy of social science.  
504 |a Περιέχει βιβλιογραφία (σ. 387-398) και ευρετήριο.  
650 0 |a Social sciences  |x Methodology. 
650 0 |a Social sciences  |x Philosophy. 
700 1 |a Μπαμιατζόγλου, Ξενοφών,  |e trl 
852 |a INST  |b LESVOS  |c EUDOXUS  |e 20230123  |h 300.1 LIT  |p 005100064842  |q 005100064842  |t EDX  |y 0 
920 |a Εύδοξος  |b Παραγγελία  |y Λέσβος-ΤΚ  |z 2023-01 
970 |a Δημάκη  |b Μαρία  |z 23-01-2023